[Event "Minsk Kupreichik Memorial op"]
[Site "Minsk"]
[Date "2018.06.22"]
[Round "8"]
[White "Svjatocho, Andrej"]
[Black "Zhukova, Natalia"]
[Result "1-0"]
[WhiteElo "1995"]
[BlackElo "2380"]
[PlyCount "83"]
[EventDate "2018.06.21"]
[EventType "swiss (rapid)"]
[EventRounds "11"]
[EventCountry "BLR"]
[SourceTitle "CBM 185 Extra"]
[Source "ChessBase"]
[SourceDate "2018.07.29"]
[SourceVersion "1"]
[SourceVersionDate "2018.07.29"]
[SourceQuality "1"]

1. e4 e5 2. Nf3 Nc6 3. d4 exd4 4. Nxd4 Nf6 5. Nxc6 bxc6 6. e5 Qe7 7. Qe2 Nd5 8. c4 Nb6 9. b3 Qe6 10. g3 a5 11. Nd2 a4 12. Bb2 Bb4 13. Bg2 a3 14. Bd4 c5 15. Be3 Qxe5 16. 0-0 Ra7 17. f4 Qe7 18. f5 f6 19. Rae1 0-0 20. Qd3 Qf7 21. Re2 Bb7 22. Bf4 Bxg2 23. Kxg2 d5 24. cxd5 Nxd5 25. Nc4 Rd8 26. Qf3 c6 27. Re6 Rad7 28. Rxc6 Nxf4+ 29. Qxf4 Rd3 30. Re6 Qh5 31. Rf3 R3d4 32. Qe3 h6 33. Rf2 Kh7 34. Re4 Rd3 35. Qe2 Qf7 36. Re6 R3d4 37. Qf3 Qd7 38. Rfe2 Rd1 39. Kh3 Rd4 40. Qh5 Rg8 41. Qg6+ Kh8 42. Re8 1-0

[Event "Minsk Inautomarket op"]
[Site "Minsk"]
[Date "2007.07.10"]
[Round "1"]
[White "Dydyshko, Viacheslav"]
[Black "Svjatocho, Andrej"]
[Result "1/2-1/2"]
[WhiteElo "2572"]
[BlackElo "2197"]
[PlyCount "39"]
[EventDate "2007.07.10"]
[EventType "swiss"]
[EventRounds "9"]
[EventCountry "BLR"]
[SourceTitle "EXT 2008"]
[Source "ChessBase"]
[SourceDate "2007.11.25"]
[SourceVersion "1"]
[SourceVersionDate "2007.11.25"]
[SourceQuality "1"]

1. d4 e6 2. c4 c5 3. d5 exd5 4. cxd5 d6 5. Nc3 g6 6. Nf3 Bg7 7. Nd2 a6 8. a4 Nd7 9. Qb3 f5 10. g3 Ne7 11. Nc4 Ne5 12. Nb6 Rb8 13. Bg2 0-0 14. 0-0 Bd7 15. f4 Nf7 16. Bd2 Nc8 17. Nc4 b5 18. axb5 axb5 19. Ra6 Qc7 20. Ne3 1/2-1/2

[Event "Minsk Inautomarket op"]
[Site "Minsk"]
[Date "2006.07.14"]
[Round "5"]
[White "Zhigalko, Andrey"]
[Black "Svjatocho, Andrej"]
[Result "1-0"]
[WhiteElo "2542"]
[BlackElo "2232"]
[PlyCount "79"]
[EventDate "2006.07.10"]
[EventType "swiss"]
[EventRounds "9"]
[EventCountry "BLR"]
[SourceTitle "CBM 113 Extra"]
[Source "ChessBase"]
[SourceDate "2006.09.14"]
[SourceVersion "1"]
[SourceVersionDate "2006.09.14"]
[SourceQuality "1"]

1. d4 e6 2. Nf3 c5 3. e4 cxd4 4. Nxd4 a6 5. Nc3 d6 6. g4 Nf6 7. g5 Nfd7 8. h4 Nc6 9. Be3 Nde5 10. Be2 Nxd4 11. Qxd4 Nc6 12. Qb6 Be7 13. 0-0-0 Qxb6 14. Bxb6 Kd7 15. Na4 Rb8 16. f4 Bd8 17. Bc5 Bc7 18. Bxd6 Bxd6 19. e5 b5 20. Nc5+ Kc7 21. Rxd6 Rb6 22. Bf3 Ne7 23. Rd4 h6 24. b4 Nf5 25. Rd3 hxg5 26. hxg5 Rxh1+ 27. Bxh1 Ne7 28. Be4 g6 29. Rh3 Bd7 30. Nxd7 Kxd7 31. Rh7 Ke8 32. Rh8+ Kd7 33. Rf8 a5 34. a3 axb4 35. axb4 Ra6 36. Kb2 Ra7 37. Rxf7 Ke8 38. Bxg6 Ra4 39. Bh5 Rxb4+ 40. Kc1 1-0

[Event "Minsk Inautomarket op"]
[Site "Minsk"]
[Date "2006.07.12"]
[Round "3"]
[White "Kupreichik, Viktor D"]
[Black "Svjatocho, Andrej"]
[Result "1/2-1/2"]
[WhiteElo "2461"]
[BlackElo "2232"]
[PlyCount "33"]
[EventDate "2006.07.10"]
[EventType "swiss"]
[EventRounds "9"]
[EventCountry "BLR"]
[SourceTitle "CBM 113 Extra"]
[Source "ChessBase"]
[SourceDate "2006.09.14"]
[SourceVersion "1"]
[SourceVersionDate "2006.09.14"]
[SourceQuality "1"]

1. c4 e5 2. g3 Nc6 3. Bg2 g6 4. Nc3 f5 5. h4 Nf6 6. e4 d6 7. h5 g5 8. Nge2 f4 9. gxf4 gxf4 10. Bf3 Rg8 11. Nd5 h6 12. b4 Nh7 13. Bb2 a5 14. b5 Nb4 15. Nxb4 axb4 16. Qb3 Ng5 17. Ng1 1/2-1/2